000 00784nam a2200241Ia 4500
003 OSt
005 20220925182634.0
006 a|||||r|||| 00| 0
007 ta
008 220923b |||||||| |||| 00| 0 eng d
037 _cGeneral Book
040 _aRTL
_cRTL
_beng
041 _2eng
_aeng
082 _aY:5.44Q71.N77<--N72, L2
100 _aKhan Masihur Rahman
_9256908
245 0 _aBangladesh population during the First Five Year Plan period (1972-77)
_b A guestinate
260 _aDacca
_bBIDE
_c1972
300 _a20p
_ccm.
490 _aBangladesh Institute of Development Economics, Research Report Series.6
650 _aDemography
942 _hY:5.44Q71.N77<--N72, L2
_cGB
_2CC
999 _c502725
_d502725